01351nam a2200337 a 4500001001000000003000500010005001700015008004100032010001100073011001100084040000900095090001000104100003600114245015000150260004100300500006000341502008700401590004100488590004100529590004000570650002800610650003300638650005100671650004800722856007000770901000700840942001000847942000600857999001900863952013100882000115298CHAP20220329144528.0190220s2018 mx sm |||||||spa d a111759 a112731 cCHAP aTesis1 aCarmona Romero, Marily.913550410aCaracterización ecológica de los lagos del Ejido San Bernardino Lagunas, en la Sierra Negra, Pueblah[En línea]cpor Marily Carmona Romero. aChapingo, Méx. :bEl autor,c2018. aPara ver el contenido del material haga clic en la liga aTesis (Ing. en Restauración Forestal) -- UACH. División de Ciencias Forestales aBATCH-UPDb05c20190220lUCH01h0950 aE11695DGDb10c20190506lUCH01h1542 aE5765TAJb05c20190220lUCH01h094914aAguaxAnálisis.9228014aAguaxContaminación.9235114aPlantas acuáticasxIdentificación.913551314aZonificación ecológicazPuebla.9126137 aFinding aiduhttp://10.13.5.2/tesis/sist115298.pdfzTeclea aquí aBK cTESIS n0 c111759d111759 00104054718TESISaBCbBCd2019-02-20fTESISl0oTesisp115306-10r2019-12-31 00:00:00w2019-12-31yTESISzRecien adquirido